All about Tonks! Quiz Stats

 Plays Quiz not verified by Sporcle

Challenge
Share
Tweet
Embed
Score 0/27 Timer 06:00
0 Plays Today
hint answer % Correct
Husbands nameRemus John Lupin
98.2%
Her fathers nameTed Tonks
98%
Tonks' first name.Nymphadora
96.8%
What house was she in?Hufflepuff
93.2%
Sons nameTeddy
93%
What is her prefered hair colour?bubblegum pink
92.5%
Who killed Tonks?Bellatrix Lestrange
90.9%
Her mothers nameAndromeda Tonks
90%
What is her profession?auror
89.8%
Mother's maiden nameBlack
87.3%
Tonks is part of an organizion called the...Order of the Phoenix
86.1%
How is she related to her killer?niece
84.8%
Who was her mentor?Alastor 'Mad Eye' Moody
82.3%
What do her parents call her?Dora
81.6%
hint answer % Correct
What age is she when she dies?25
81.4%
Who does she fly with in the chapter 'the Seven Potters'Ron Weasley
78.2%
What colour is her hair the first time she meets Harry?A violent shade of violet
77.7%
What is her patronus?werewolf
75.9%
Her husband said he was too...old
72.5%
What does she knock over in the hallway at number 12 grimmauld place?umbrella stand
60.9%
What year was the born?1973
58.4%
At the beginning of her first appearence she says that the muggles were very...clean
54.5%
and too...dangerous
50%
too...poor
45.7%
What is her 'special ability'?metamorphmagus
41.1%
Who does she stun in the department of mysteries?Lucius Malfoy
40.5%
Who portrayes her in the films?Natalia Tena
33.4%

You're not logged in!

Compare scores with friends on all Sporcle quizzes.
Join for Free
OR
Log In

You Might Also Like...

Show Comments

Extras

Created Apr 22, 2010ReportNominate

Top Quizzes Today


Score Distribution

Your Account Isn't Verified!

In order to create a playlist on Sporcle, you need to verify the email address you used during registration. Go to your Sporcle Settings to finish the process.

Report this User

Report this user for behavior that violates our Community Guidelines.

Details: